000 00688nam a22002057a 4500
003 OSt
005 20210419083406.0
008 210226s1987 ||||| |||| 00| 0 eng d
040 _aeng
_beng
_cDLC
_deng
041 _aeng
080 _a616.8
_bM-34
100 _91193
_aMarshal, Andrew
245 _aThis Special Edition of the Morbid Anatomy of the Brain in Mania and Hydrophobia
_c/ by: The Classics of Neurology and Neurosurgery Library
260 _aBirmingham, Alabama
_bThe Classics of Neurology and Neurosurgery Library
_c1987
300 _a234 p.
650 0 _9100
_aNeurology
653 _aნევროლოგია
700 _91189
_aEisenhardt, Louise
942 _2udc
_cBK
999 _c1817
_d1817